| 000 | 00401nam a2200157Ia 4500 | ||
|---|---|---|---|
| 005 | 20250430034626.0 | ||
| 008 | 240331s9999 xx 000 0 und d | ||
| 020 | _a9552005752 | ||
| 082 |
_bWIJ _a891 |
||
| 100 | _aWijemanna,P | ||
| 245 | 0 | _aSanhrudayo | |
| 260 |
_aColombo _bS. Godake & Brothers _c1991 |
||
| 300 | _a168 p ., | ||
| 500 | _aA Collection of Modern Short Stories in Sinhala | ||
| 942 | _cL | ||
| 999 |
_c4878 _d4878 |
||